<?xml version="1.0" encoding="UTF-8"?>
<record
    xmlns:xsi="http://www.w3.org/2001/XMLSchema-instance"
    xsi:schemaLocation="http://www.loc.gov/MARC21/slim http://www.loc.gov/standards/marcxml/schema/MARC21slim.xsd"
    xmlns="http://www.loc.gov/MARC21/slim">

  <leader>00802nam a22002537a 4500</leader>
  <controlfield tag="005">20170123162335.0</controlfield>
  <datafield tag="010" ind1=" " ind2=" ">
    <subfield code="a">088758</subfield>
  </datafield>
  <datafield tag="020" ind1=" " ind2=" ">
    <subfield code="c">00.00</subfield>
  </datafield>
  <datafield tag="035" ind1=" " ind2=" ">
    <subfield code="a">088758</subfield>
  </datafield>
  <datafield tag="037" ind1=" " ind2=" ">
    <subfield code="b">Cen Lib/Ret</subfield>
  </datafield>
  <datafield tag="040" ind1=" " ind2=" ">
    <subfield code="a">DPL</subfield>
    <subfield code="b">UR</subfield>
  </datafield>
  <datafield tag="082" ind1=" " ind2=" ">
    <subfield code="a">844</subfield>
    <subfield code="b">&#x645; &#x62D; &#x645; </subfield>
  </datafield>
  <datafield tag="100" ind1=" " ind2=" ">
    <subfield code="a">&#x645;&#x62D;&#x645;&#x651;&#x62F; &#x62D;&#x633;&#x646; &#x639;&#x633;&#x6A9;&#x631;&#x6CC;</subfield>
    <subfield code="9">109505</subfield>
  </datafield>
  <datafield tag="245" ind1=" " ind2=" ">
    <subfield code="a">&#x627;&#x646;&#x633;&#x627;&#x646; &#x627;&#x648;&#x631; &#x622;&#x62F;&#x645;&#x6CC; :</subfield>
    <subfield code="c">&#x645;&#x62D;&#x645;&#x651;&#x62F; &#x62D;&#x633;&#x646; &#x639;&#x633;&#x6A9;&#x631;&#x6CC;</subfield>
    <subfield code="b">&#x645;&#x636;&#x627;&#x645;&#x6CC;&#x646; /</subfield>
  </datafield>
  <datafield tag="246" ind1=" " ind2=" ">
    <subfield code="a">Insaan aur adami : mazameen /</subfield>
    <subfield code="b">by Mohammad Hasan Askari </subfield>
  </datafield>
  <datafield tag="260" ind1=" " ind2=" ">
    <subfield code="a">&#x644;&#x627;&#x6C1;&#x648;&#x631; </subfield>
    <subfield code="b">&#x645;&#x6A9;&#x62A;&#x628;&#x6C1; &#x62C;&#x62F;&#x6CC;&#x62F; </subfield>
    <subfield code="c">1953</subfield>
  </datafield>
  <datafield tag="270" ind1=" " ind2=" ">
    <subfield code="b">&#x644;&#x627;&#x6C1;&#x648;&#x631; </subfield>
  </datafield>
  <datafield tag="300" ind1=" " ind2=" ">
    <subfield code="a">255p.</subfield>
    <subfield code="c">17cm(Hb)</subfield>
  </datafield>
  <datafield tag="650" ind1=" " ind2=" ">
    <subfield code="a"> &#x627;&#x62F;&#x628; - &#x627;&#x631;&#x62F;&#x648;</subfield>
    <subfield code="9">123604</subfield>
  </datafield>
  <datafield tag="650" ind1=" " ind2=" ">
    <subfield code="a"> &#x627;&#x631;&#x62F;&#x648; &#x645;&#x636;&#x627;&#x645;&#x6CC;&#x646;</subfield>
    <subfield code="9">123605</subfield>
  </datafield>
  <datafield tag="650" ind1=" " ind2=" ">
    <subfield code="a">Literature -- Urdu</subfield>
    <subfield code="9">123606</subfield>
  </datafield>
  <datafield tag="650" ind1=" " ind2=" ">
    <subfield code="a">Urdu articles</subfield>
    <subfield code="9">123607</subfield>
  </datafield>
  <datafield tag="942" ind1=" " ind2=" ">
    <subfield code="2">ddc</subfield>
    <subfield code="c">UR</subfield>
    <subfield code="h">844</subfield>
    <subfield code="m">&#x645; &#x62D; &#x645; </subfield>
  </datafield>
  <datafield tag="999" ind1=" " ind2=" ">
    <subfield code="c">108064</subfield>
    <subfield code="d">108064</subfield>
  </datafield>
  <datafield tag="952" ind1=" " ind2=" ">
    <subfield code="0">0</subfield>
    <subfield code="1">0</subfield>
    <subfield code="4">0</subfield>
    <subfield code="7">0</subfield>
    <subfield code="a">L</subfield>
    <subfield code="b">L</subfield>
    <subfield code="d">2016-01-14</subfield>
    <subfield code="e">Cen Lib/Ret</subfield>
    <subfield code="g">0.00</subfield>
    <subfield code="l">0</subfield>
    <subfield code="o">844 &#x645; &#x62D; &#x645;</subfield>
    <subfield code="p">088758</subfield>
    <subfield code="r">2016-01-14 00:00:00</subfield>
    <subfield code="t">1</subfield>
    <subfield code="v">0.00</subfield>
    <subfield code="w">2016-01-14</subfield>
    <subfield code="y">UR</subfield>
  </datafield>
</record>
